[Event "Aragon-chT Preferente Gr-I"]
[Site "Aragon"]
[Date "2020.02.15"]
[Round "4.41"]
[White "Labrador Postigo, Francisco Manuel"]
[Black "Larios Herraiz, Enrique"]
[Result "0-1"]
[WhiteElo "1822"]
[BlackElo "2061"]
[PlyCount "70"]
[EventDate "2020.01.25"]
[EventType "team-tourn"]
[EventRounds "9"]
[EventCountry "ESP"]
[SourceTitle "EXT 2022"]
[Source "ChessBase"]
[SourceDate "2021.10.06"]
[SourceVersion "1"]
[SourceVersionDate "2021.10.06"]
[SourceQuality "1"]
[WhiteTeam "El Olivar III"]
[BlackTeam "Actur Rey Fernando"]
[WhiteTeamCountry "ESP"]
[BlackTeamCountry "ESP"]

1. Nf3 e6 2. c4 b6 3. g3 Bb7 4. Bg2 f5 5. 0-0 Nf6 6. d3 Be7 7. Nc3 0-0 8. Rb1 Nc6 9. a3 Rb8 10. b4 Ng4 11. h3 Bf6 12. Bd2 Nge5 13. Nxe5 Bxe5 14. f4 Bf6 15. e4 Bd4+ 16. Kh2 e5 17. Nb5 exf4 18. Bxf4 Be5 19. exf5 a6 20. Bd5+ Kh8 21. Bxc6 Bxf4 22. Rxf4 Bxc6 23. Nd4 Bb7 24. Qh5 Qe7 25. Rbf1 Rbe8 26. Qd1 Qf6 27. R1f2 Re3 28. Qd2 Rfe8 29. Ne6 Qa1 30. Rf1 Qe5 31. R1f2 Re1 32. g4 Rh1+ 33. Kg3 dxe6 34. Re2 Qd6 35. fxe6 g5 0-1

[Event "Aragon-chT Preferente Gr-I"]
[Site "Aragon"]
[Date "2020.01.25"]
[Round "1.50"]
[White "Sanclemente Aragues, Angel"]
[Black "Labrador Postigo, Francisco Manuel"]
[Result "0-1"]
[WhiteElo "1628"]
[BlackElo "1822"]
[PlyCount "67"]
[EventDate "2020.01.25"]
[EventType "team-tourn"]
[EventRounds "9"]
[EventCountry "ESP"]
[SourceTitle "EXT 2022"]
[Source "ChessBase"]
[SourceDate "2021.10.06"]
[SourceVersion "1"]
[SourceVersionDate "2021.10.06"]
[SourceQuality "1"]
[WhiteTeam "Enroque Barbastro"]
[BlackTeam "El Olivar III"]
[WhiteTeamCountry "ESP"]
[BlackTeamCountry "ESP"]

1. e4 c5 2. Nf3 d6 3. d4 cxd4 4. Nxd4 Nf6 5. Nc3 a6 6. Be3 e5 7. Nb3 Be6 8. Qd2 Nbd7 9. Be2 Be7 10. 0-0-0 b5 11. f3 Nb6 12. g4 Nc4 13. Bxc4 bxc4 14. Na1 0-0 15. g5 Nh5 16. h4 Qd7 17. Nd5 Bxd5 18. Qxd5 Qa4 19. a3 c3 20. Nb3 Rfc8 21. Qa5 cxb2+ 22. Kxb2 Qc4 23. Rd2 Rab8 24. Qd5 Qc3+ 25. Kb1 Qxe3 26. Rd3 Qb6 27. Rd2 a5 28. a4 Nf4 29. Qb5 Qxb5 30. axb5 a4 31. Nc1 Rxb5+ 32. Ka1 d5 33. exd5 Nxd5 34. Nd3 0-1

[Event "Aragon-chT Preferente Gr-I"]
[Site "Aragon"]
[Date "2019.03.02"]
[Round "6.39"]
[White "Carruez Berges, Santiago"]
[Black "Labrador Postigo, Francisco Manuel"]
[Result "1/2-1/2"]
[WhiteElo "2024"]
[BlackElo "1876"]
[PlyCount "90"]
[EventDate "2019.01.26"]
[EventType "team-tourn"]
[EventRounds "9"]
[EventCountry "ESP"]
[SourceTitle "EXT 2020"]
[Source "ChessBase"]
[SourceDate "2019.10.17"]
[SourceVersion "1"]
[SourceVersionDate "2019.10.17"]
[SourceQuality "1"]
[WhiteTeam "Agrupacion II"]
[BlackTeam "El Olivar III"]
[WhiteTeamCountry "ESP"]
[BlackTeamCountry "ESP"]

1. e4 c5 2. d4 cxd4 3. c3 g6 4. cxd4 d5 5. exd5 Nf6 6. Bb5+ Bd7 7. Bc4 Bg7 8. Qb3 0-0 9. Qxb7 Qc8 10. Qxc8 Rxc8 11. Nd2 Ne4 12. Ngf3 Nxd2 13. Nxd2 Bxd4 14. Bd3 a5 15. Nf3 Bf6 16. Rb1 Na6 17. Bg5 Nb4 18. Be4 Bxg5 19. Nxg5 h6 20. a3 hxg5 21. axb4 Rc4 22. Bf3 g4 23. Be2 Re4 24. Kd2 Rd4+ 25. Ke3 Rxb4 26. Rhc1 Rab8 27. Bd3 R8b7 28. Rc4 Rb3 29. Ra1 a4 30. Ra2 Rxb2 31. Rxb2 Rxb2 32. Rc7 Bf5 33. Bxf5 gxf5 34. Rxe7 Kf8 35. Ra7 Rb4 36. d6 Re4+ 37. Kd3 Ke8 38. f3 gxf3 39. gxf3 Rh4 40. Re7+ Kf8 41. Ra7 Ke8 42. Ke3 Rxh2 43. Rxa4 Kd7 44. Ra7+ Kxd6 45. Rxf7 Ke6 1/2-1/2

[Event "Aragon-chT Preferente B"]
[Site "Aragon"]
[Date "2013.03.09"]
[Round "7.64"]
[White "Carilla Garcia, Angel"]
[Black "Labrador Postigo, Francisco Manuel"]
[Result "0-1"]
[WhiteElo "1874"]
[BlackElo "1917"]
[PlyCount "80"]
[EventDate "2013.01.26"]
[EventType "team"]
[EventRounds "9"]
[EventCountry "ESP"]
[SourceTitle "EXT 2014"]
[Source "ChessBase"]
[SourceDate "2013.11.20"]
[SourceVersion "1"]
[SourceVersionDate "2013.11.20"]
[SourceQuality "1"]
[WhiteTeam "Aragon ONCE II"]
[BlackTeam "El Olivar II"]
[WhiteTeamCountry "ESP"]
[BlackTeamCountry "ESP"]

1. c4 e5 2. Nc3 Nf6 3. Nf3 Nc6 4. d3 d5 5. Bg5 Be6 6. Qb3 Bb4 7. Nxe5 dxc4 8. Nxc6 cxb3 9. Nxd8 Rxd8 10. a3 Ba5 11. 0-0-0 Bxc3 12. bxc3 b5 13. e4 Rb8 14. f3 a5 15. Kb2 Nd7 16. d4 Bc4 17. Bxc4 bxc4 18. a4 f6 19. Bf4 Rb7 20. Be3 Kf7 21. f4 Re8 22. e5 Nb6 23. Ka3 Nd5 24. Bd2 g5 25. g3 gxf4 26. gxf4 Rg8 27. Rhg1 Rxg1 28. Rxg1 c6 29. Kb2 Rb8 30. Rg4 Nb6 31. Ka3 Nxa4 32. f5 b2 33. e6+ Ke7 34. Rg7+ Kf8 35. Bh6 Rb3+ 36. Kxa4 b1Q 37. Rg2+ Ke7 38. Rg7+ Kd8 39. Rg8+ Kc7 40. Bf4+ Kb7 0-1

[Event "Aragon-chT Preferente"]
[Site "Spain"]
[Date "2010.02.13"]
[Round "4.27"]
[White "Labrador Postigo, Francisco Manuel"]
[Black "Tirapo Larcuen, Ana"]
[Result "0-1"]
[WhiteElo "1906"]
[BlackElo "1887"]
[PlyCount "110"]
[EventDate "2010.01.23"]
[EventType "team-swiss"]
[EventRounds "12"]
[EventCountry "ESP"]
[SourceTitle "EXT 2013"]
[Source "ChessBase"]
[SourceDate "2012.11.22"]
[SourceVersion "1"]
[SourceVersionDate "2012.11.22"]
[SourceQuality "1"]
[WhiteTeam "El Olivar III"]
[BlackTeam "Agrupacion II"]
[WhiteTeamCountry "ESP"]
[BlackTeamCountry "ESP"]

1. d4 Nf6 2. Nf3 g6 3. c4 Bg7 4. Nc3 d6 5. e4 0-0 6. Be2 e5 7. d5 a5 8. 0-0 Na6 9. Ne1 Nc5 10. f3 Nh5 11. Nd3 Nxd3 12. Bxd3 Nf4 13. Ne2 Qf6 14. Rb1 h5 15. b4 axb4 16. Nxf4 exf4 17. Bb2 Qg5 18. Bxg7 Kxg7 19. Qd2 h4 20. Kh1 f6 21. Rxb4 h3 22. Rb2 Rh8 23. Rg1 hxg2+ 24. Qxg2 Qxg2+ 25. Rbxg2 g5 26. c5 Ra3 27. Rd2 Bd7 28. cxd6 cxd6 29. Rb1 b5 30. Bxb5 Bxb5 31. Rxb5 Rxf3 32. Rb7+ Kg6 33. Rd7 Re3 34. Rxd6 Rxe4 35. Rc6 f3 36. Kg1 Re1+ 37. Kf2 Re2+ 38. Rxe2 fxe2 39. d6 Rxh2+ 40. Ke1 Kf7 41. d7 Ke7 42. Rd6 Rh8 43. Rd5 Rd8 44. Kxe2 Rxd7 45. Ra5 Ke6 46. a4 Rd4 47. Ra8 Kf5 48. a5 g4 49. a6 Ra4 50. a7 Kf4 51. Rf8 Rxa7 52. Rxf6+ Kg3 53. Rh6 Rf7 54. Rg6 Rf5 55. Rg8 Kh3 0-1

[Event "Aragon-chT"]
[Site "Aragon"]
[Date "2009.02.28"]
[Round "5"]
[White "Labrador Postigo, Francisco Manuel"]
[Black "Gayan Carceller, Miguel Angel"]
[Result "1/2-1/2"]
[WhiteElo "1953"]
[BlackElo "1888"]
[PlyCount "96"]
[EventDate "2009.01.24"]
[EventType "team-swiss"]
[EventRounds "9"]
[EventCountry "ESP"]
[SourceTitle "EXT 2011"]
[Source "ChessBase"]
[SourceDate "2010.11.26"]
[SourceVersion "1"]
[SourceVersionDate "2010.11.26"]
[SourceQuality "1"]

1. d4 d5 2. Nf3 Nf6 3. c4 e6 4. Bg5 Nbd7 5. cxd5 exd5 6. Nc3 Be7 7. e3 0-0 8. Bd3 c6 9. 0-0 Re8 10. Qc2 Nf8 11. h3 Ng6 12. Bxf6 Bxf6 13. b4 a6 14. a4 b5 15. axb5 cxb5 16. Bxb5 Re6 17. Qb3 Rb6 18. Rfc1 Be6 19. Bd3 Be7 20. b5 axb5 21. Rxa8 Qxa8 22. Bxb5 Qa5 23. Qa4 Bb4 24. Qxa5 Bxa5 25. Bf1 Rc6 26. Ne2 Ne7 27. Ra1 Bb4 28. Ne5 Rc8 29. Nf4 Bf5 30. g4 Be4 31. Nfd3 Bd6 32. Ra7 f6 33. f3 Bxd3 34. Nxd3 Nc6 35. Ra6 Be7 36. Nf4 Nb4 37. Ra7 Bd6 38. Nd3 Rc3 39. Nxb4 Bxb4 40. Rb7 Ba3 41. Kf2 Bc1 42. e4 dxe4 43. d5 e3+ 44. Ke2 Rc8 45. Kd3 Rd8 46. Rb5 Kf8 47. Kd4 Ke7 48. Rb7+ Rd7 1/2-1/2

[Event "Aragon-chT"]
[Site "Aragon"]
[Date "2009.01.31"]
[Round "2"]
[White "Labrador Postigo, Francisco Manuel"]
[Black "Minguez Guinda, Andres"]
[Result "1/2-1/2"]
[WhiteElo "1953"]
[BlackElo "1942"]
[PlyCount "97"]
[EventDate "2009.01.24"]
[EventType "team-swiss"]
[EventRounds "9"]
[EventCountry "ESP"]
[SourceTitle "EXT 2011"]
[Source "ChessBase"]
[SourceDate "2010.11.26"]
[SourceVersion "1"]
[SourceVersionDate "2010.11.26"]
[SourceQuality "1"]

1. d4 d5 2. Nf3 Nf6 3. g3 g6 4. c4 c6 5. Bg2 Bg7 6. 0-0 0-0 7. cxd5 cxd5 8. Nc3 Nbd7 9. Bf4 a6 10. Qc1 e6 11. a4 b6 12. Ne5 Bb7 13. Rd1 Rc8 14. Qd2 Qe7 15. Bg5 Qb4 16. Nxd7 Nxd7 17. Nxd5 Qxd2 18. Ne7+ Kh8 19. Rxd2 Rc7 20. Bxb7 Rxb7 21. Rc1 h6 22. Be3 Nf6 23. Nc8 Nd5 24. Rc6 Rb8 25. Nd6 Kg8 26. a5 Rfd8 27. Nc4 b5 28. Nb6 Nb4 29. Rc7 g5 30. b3 Rd6 31. d5 Nxd5 32. Nxd5 exd5 33. Bd4 Bxd4 34. Rxd4 Rbd8 35. Ra7 Kg7 36. e3 Kg6 37. Kf1 f6 38. Rc7 h5 39. Ke2 Re8 40. Kd3 f5 41. Rc5 Red8 42. Rc7 g4 43. Rb7 Rc8 44. Rb6 Rxb6 45. axb6 Rb8 46. Rxd5 Rxb6 47. b4 Kf6 48. Kd4 Rc6 49. Rc5 1/2-1/2

[Event "Aragon-chT Autonomico"]
[Site "Aragon"]
[Date "2007.03.03"]
[Round "6"]
[White "Labrador Postigo, Francisco Manuel"]
[Black "Latorre Abad, Fernando"]
[Result "0-1"]
[WhiteElo "2005"]
[BlackElo "2065"]
[PlyCount "46"]
[EventDate "2007.01.27"]
[EventType "team-tourn"]
[EventRounds "9"]
[EventCountry "ESP"]
[SourceTitle "EXT 2008"]
[Source "ChessBase"]
[SourceDate "2007.11.25"]
[SourceVersion "1"]
[SourceVersionDate "2007.11.25"]
[SourceQuality "1"]
[WhiteTeam "CAI Olivar III"]
[BlackTeam "Aragon ONCE"]
[WhiteTeamCountry "ESP"]
[BlackTeamCountry "ESP"]

1. d4 Nf6 2. Nf3 g6 3. c4 Bg7 4. Nc3 0-0 5. g3 d6 6. Bg2 Nbd7 7. 0-0 e5 8. e4 c6 9. Bh3 Qa5 10. d5 cxd5 11. cxd5 b5 12. Nd2 Nc5 13. a4 Ba6 14. Re1 b4 15. Ncb1 Nd3 16. Nb3 Qc7 17. Re3 Nxc1 18. Nxc1 Bh6 19. Re1 Rfc8 20. Nb3 Qc2 21. Qf3 Kg7 22. a5 Qxb2 23. Ra4 Rab8 0-1

[Event "Aragon-chT Autonomico"]
[Site "Aragon"]
[Date "2007.01.27"]
[Round "1"]
[White "Labrador Postigo, Francisco Manuel"]
[Black "Sicilia Ruiz, Manuel"]
[Result "0-1"]
[WhiteElo "2005"]
[BlackElo "2144"]
[PlyCount "28"]
[EventDate "2007.01.27"]
[EventType "team-tourn"]
[EventRounds "9"]
[EventCountry "ESP"]
[SourceTitle "EXT 2008"]
[Source "ChessBase"]
[SourceDate "2007.11.25"]
[SourceVersion "1"]
[SourceVersionDate "2007.11.25"]
[SourceQuality "1"]
[WhiteTeam "CAI Olivar III"]
[BlackTeam "Agrupacion II"]
[WhiteTeamCountry "ESP"]
[BlackTeamCountry "ESP"]

1. d4 d6 2. Nf3 g6 3. g3 Bg7 4. Bg2 Nd7 5. 0-0 Ngf6 6. c4 0-0 7. Nc3 e5 8. dxe5 dxe5 9. Qc2 c6 10. Rd1 Qe7 11. e4 Re8 12. Rb1 Nc5 13. b4 Ncxe4 14. Nxe5 Nxc3 0-1

[Event "Autonomico-chT"]
[Site "Aragon"]
[Date "2005.03.19"]
[Round "8.56"]
[White "Armengod Arino, Jose Manuel"]
[Black "Labrador Postigo, Francisco Manuel"]
[Result "1/2-1/2"]
[WhiteElo "1876"]
[BlackElo "2041"]
[PlyCount "66"]
[EventDate "2005.01.22"]
[EventType "team-tourn"]
[EventRounds "12"]
[EventCountry "ESP"]
[SourceTitle "EXT 2006"]
[Source "ChessBase"]
[SourceDate "2005.11.24"]
[SourceVersion "1"]
[SourceVersionDate "2005.11.24"]
[SourceQuality "1"]

1. c4 Nf6 2. Nc3 e6 3. Nf3 d5 4. cxd5 exd5 5. d3 c6 6. g3 Bf5 7. Bg2 h6 8. 0-0 Bd6 9. Re1 Be7 10. Nd4 Bg6 11. e4 0-0 12. exd5 cxd5 13. Be3 Na6 14. a3 Nc5 15. Bf1 Rc8 16. b4 Ne6 17. Rc1 Nxd4 18. Bxd4 a5 19. Qb3 axb4 20. axb4 Qd7 21. Bxf6 Bxf6 22. Nxd5 Rxc1 23. Nxf6+ gxf6 24. Rxc1 Rd8 25. Rc3 Qe7 26. Qb1 Rd4 27. b5 Qd7 28. b6 Qd6 29. Qe1 Qd8 30. Qe3 Kg7 31. Bg2 Qxb6 32. Bxb7 Qb1+ 33. Rc1 Qxd3 1/2-1/2

[Event "Aragon-chT"]
[Site "Spain"]
[Date "2004.02.07"]
[Round "?"]
[White "Centeno Ferrer, Javier"]
[Black "Labrador Postigo, Francisco Manuel"]
[Result "0-1"]
[WhiteElo "1667"]
[BlackElo "2064"]
[PlyCount "80"]
[EventDate "2004.01.??"]
[EventType "team-tourn"]
[EventRounds "11"]
[EventCountry "ESP"]
[SourceTitle "EXT 2006"]
[Source "ChessBase"]
[SourceDate "2005.11.24"]
[SourceVersion "1"]
[SourceVersionDate "2005.11.24"]
[SourceQuality "1"]

1. e4 e6 2. d4 d5 3. Nd2 Nf6 4. Bd3 c5 5. Ne2 c4 6. Bxc4 dxc4 7. e5 Nd5 8. Nxc4 b5 9. Ne3 Bb7 10. 0-0 Be7 11. a4 a6 12. axb5 axb5 13. Rxa8 Bxa8 14. Qd3 Qd7 15. Bd2 0-0 16. Ra1 Nxe3 17. Bxe3 Qb7 18. f3 Rd8 19. Ra5 b4 20. c4 bxc3 21. bxc3 Nc6 22. Rb5 Qa6 23. c4 Qa2 24. Kf2 Nb4 25. Qc3 Qa4 26. Bd2 Rc8 27. Rb6 Nd5 28. cxd5 Rxc3 29. Rb8+ Bf8 30. d6 Rb3 31. Rc8 Bc6 32. Bg5 f6 33. exf6 h6 34. fxg7 Kxg7 35. Bxh6+ Kxh6 36. Rxf8 Rb2 37. Rf4 Qd1 38. Rf6+ Kg7 39. Rxe6 Qxd4+ 40. Kg3 Qc5 0-1